00677nam a2200193Ia 4500003000400000005001700004008004100021020001500062040001800077041000800095082002300103100003100126245012300157250001200280260003800292300003000330650005800360650006500418OSt20250307095745.0210716s2005 xx 000 0 und d a8174464379 cAIMIT LIBRARY aeng a658.4062 21bCHAH aChaudhary, Harish Chandra. aKnowledge management for competitive advantage: bchanging the world through knowledge /cBy Harish Chandra Chaudhary. a1st ed. aNew Delhi :bExcel Books ;c2005. axviii,161p. ;bPBc21 cm. aCreating knowledge management system in organizations aEnabling knowledge management through information technology